000 00454nam a2200169Ia 4500
003 GCL
008 140319s9999 xx 000 0 eng d
040 _aGCL /
_cGCL
082 0 4 _a820.9
_bG P
100 1 _aGASIOREK, ANDRZEJ
245 1 0 _aPOST - WAR BRITISH FICTION : REALISM AND AFTER /
_cGASIOREK, ANDRZEJ
260 _a[S.N] :
_bEDWARD ARNOLD ،
_c1995
300 _a202
650 0 4 _aENGLISH LITERATURE
650 0 4 _aLITERATURE
942 _2ddc
_cBK
999 _c10216
_d10216